Georg Wilhelm Friedrich Hegel : a propaedeutic /
In Georg Wilhelm Friedrich Hegel - A Propaedeutic , Thomas Sören Hoffmann offers a comprehensive intellectual biography of the "master philosopher of German idealism," the last great system builder of European philosophy. All the major themes of Hegel's thought are worked through - lo...
المؤلف الرئيسي:
مؤلفون آخرون:
التنسيق: كتاب الكتروني
اللغة:
English
German
منشور في:
Leiden :
Brill,
2015.
الطبعة: Second ed.
سلاسل:
Critical Studies in German Idealism
14.
Religious Studies, Theology and Philosophy E-Books Online, Collection 2015, ISBN: 9789004287471.
الموضوعات:
الوصول للمادة أونلاين: Login to view Source
الوسوم: إضافة وسم
رقم الطلب: B2948 .H54513 2015eb
| LEADER | 03199nam a2200517 i 4500 | ||
|---|---|---|---|
| 001 | BRILL9789004300736 | ||
| 003 | nllekb | ||
| 005 | 20210602100228.0 | ||
| 006 | m d | ||
| 007 | cr un uuuua | ||
| 008 | 150626s2015 ne s 001 0 eng d | ||
| 020 | |a 9789004300736 |q (electronic book) | ||
| 020 | |z 9789004300729 |q (print) | ||
| 024 | 7 | |a 10.1163/9789004300736 |2 DOI | |
| 035 | |a (OCoLC)911912722 |z (OCoLC)912238495 | ||
| 040 | |a NL-LeKB |c NL-LeKB |e rda | ||
| 041 | 1 | |a eng |h ger | |
| 050 | 4 | |a B2948 |b .H54513 2015eb | |
| 072 | 7 | |a PHI |x 016000 |2 bisacsh | |
| 072 | 7 | |a HPCD |2 bicssc | |
| 072 | 7 | |a PHI016000 |2 bisacsh | |
| 082 | 0 | 4 | |a 193 |2 23 |
| 100 | 1 | |a Hoffmann, Thomas Sören. | |
| 240 | 1 | 0 | |a Georg Wilhelm Friedrich Hegel. |l English |
| 245 | 1 | 0 | |a Georg Wilhelm Friedrich Hegel : |b a propaedeutic / |c by Thomas Sören Hoffmann ; translated by David Healan. |
| 250 | |a Second ed. | ||
| 264 | 1 | |a Leiden : |b Brill, |c 2015. | |
| 300 | |a 1 online resource (xviii, 408 pages) | ||
| 336 | |a text |b txt |2 rdacontent | ||
| 337 | |a computer |b c |2 rdamedia | ||
| 338 | |a online resource |2 rdacarrier | ||
| 490 | 1 | |a Critical studies in German idealism, |x 1878-9986 ; |v v. 14 | |
| 500 | |a Includes index. | ||
| 505 | 0 | 0 | |a Preliminary Material -- 1 Introduction -- 2 School, Seminary, System Programme -- 3 Hegel's Apocrypha -- 4 Jena Exoteric -- 5 Jena Esoteric -- 6 Anamnesis of the Human Spirit-Phenomenology -- 7 The Realm of the Concept-Science of Logic -- 8 Philosophy of Nature -- 9 Philosophy of Subjective Spirit -- 10 Philosophy of Right and of History -- 11 Philosophy of Art -- 12 Philosophy of Religion -- 13 Philosophy in Its Concept and History -- Index of Names -- Subject Index. |
| 506 | |a Available to subscribing member institutions only. | ||
| 520 | |a In Georg Wilhelm Friedrich Hegel - A Propaedeutic , Thomas Sören Hoffmann offers a comprehensive intellectual biography of the "master philosopher of German idealism," the last great system builder of European philosophy. All the major themes of Hegel's thought are worked through - logic and metaphysics; history and spirit; art and language; thought and nature; right, religion and science - and presented as open invitations to conversing with, to working with, indeed to thinking with the great philosopher himself. Hegel's dialectical concept of life is one key deployed by Hoffmann to throw new light on the philosopher's work and to offer resolutions of the perennial enigmas besetting and controversies surrounding it. | ||
| 600 | 1 | 0 | |a Hegel, Georg Wilhelm Friedrich, |d 1770-1831. |
| 655 | 0 | |a Electronic books. | |
| 700 | 1 | |a Healan, David. | |
| 776 | 0 | 8 | |i Print version: |a Hoffmann, Thomas Sören. |s Georg Wilhelm Friedrich Hegel. English. |t Georg Wilhelm Friedrich Hegel. |b Second edition |z 9789004300729 |w (DLC) 2015017777 |w (OCoLC)908935198 |
| 830 | 0 | |a Critical Studies in German Idealism |v 14. | |
| 830 | 0 | |a Religious Studies, Theology and Philosophy E-Books Online, Collection 2015, ISBN: 9789004287471. | |
| 856 | 4 | |z DOI: |u http://dx.doi.org/10.1163/9789004300736 | |
| 942 | |c EBOOK | ||
| 952 | |0 0 |1 0 |4 0 |7 1 |9 13874 |a BRILL |b BRILL |d 2021-06-02 |l 0 |r 2021-06-02 00:00:00 |w 2021-06-02 |y EBOOK | ||
| 999 | |c 35325 |d 35325 | ||
